Right to manage (RTM) companies under the Commonhold and Leasehold Reform Act 2002 (Record no. 110210)

MARC details
000 -LEADER
fixed length control field 01250cad a22002415a 4500
001 - CONTROL NUMBER
control field E148760
008 - FIXED-LENGTH DATA ELEMENTS--GENERAL INFORMATION
fixed length control field 091105s2009 xxk f 000 0 eng d
020 ## - INTERNATIONAL STANDARD BOOK NUMBER
International Standard Book Number 9781409818519
035 ## - SYSTEM CONTROL NUMBER
System control number (Sirsi) u148760
041 0# - LANGUAGE CODE
Language code of text/sound track or separate title eng
050 04 - LIBRARY OF CONGRESS CALL NUMBER
Classification number 346.4104343 $2 18
110 2# - MAIN ENTRY--CORPORATE NAME
Corporate name or jurisdiction name as entry element United Kingdom
Subordinate unit Department for Communities and Local Government
9 (RLIN) 4939
245 00 - TITLE STATEMENT
Title Right to manage (RTM) companies under the Commonhold and Leasehold Reform Act 2002
Remainder of title new form of constitutional document, guidance
Medium [electronic resource]
260 ## - PUBLICATION, DISTRIBUTION, ETC.
Place of publication, distribution, etc. London
Name of publisher, distributor, etc. DCLG
Date of publication, distribution, etc. 2009
520 ## - SUMMARY, ETC.
Summary, etc. The 2006 Companies Act set out changes to company law, including replacing the memorandum and articles of association of new companies with a single document (the articles). These changes came fully into force on 1 October 2009, and new prescribed articles for RTM companies will come into force on 9 November. This document provides background to and guidance on the changes.
521 ## - TARGET AUDIENCE NOTE
Target audience note Advanced
590 ## - LOCAL NOTE (RLIN)
Local note KA
650 24 - SUBJECT ADDED ENTRY--TOPICAL TERM
Topical term or geographic name entry element COMPANIES ACT 2006
651 #4 - SUBJECT ADDED ENTRY--GEOGRAPHIC NAME
Geographic name England
Chronological subdivision 886-
690 ## - LOCAL SUBJECT ADDED ENTRY--TOPICAL TERM (OCLC, RLIN)
Topical term or geographic name as entry element Landlord and tenant
9 (RLIN) 6252
856 40 - ELECTRONIC LOCATION AND ACCESS
Uniform Resource Identifier <a href="https://www.communities.gov.uk/publications/housing/rtmcompaniesguidance">https://www.communities.gov.uk/publications/housing/rtmcompaniesguidance</a>
Public note View the guidance free of charge at www.communities.gov.uk...
942 ## - ADDED ENTRY ELEMENTS (KOHA)
Suppress in OPAC 0
Holdings
Withdrawn status Lost status Source of classification or shelving scheme Damaged status Not for loan Home library Current library Shelving location Date acquired Total Checkouts Full call number Barcode Date last seen Copy number Price effective from Koha item type
    Dewey Decimal Classification     Virtual Virtual Online 05/11/2009   ONLINE PUBLICATIONS 148760-2001 06/08/2019 1 06/08/2019 Book